LEADER 00935nam a2200241 i 4500 001 000000169856 003 CaOOAMICUS 005 20080310000000.0 008 080310s1978 it u000 u ita u 013 $a147260 040 $aSeMil$bita 100 1 $aMatteucci, Benvenuto .$0(OLS)http://semarc/name/20445 245 13$aLa Chiesa nella storia /$cBenvenuto Matteucci. 260 $aPisa :$bPacini Editore,$c1978. 300 $aXX, 310 p. ;$c25 cm. 500 $aIn preliminari : Dedica autografa dell'Autore. - Fondo Card. Giovanni Colombo. 650 4$aChiesa - Storia.$0(OLS)http://semarc/subject/8 850 $aSeMil 852 $aSeMil$W1$xVenegono$y1$m3A IV 54$j120760$B120760$CSeMilBibl$Z2$F133833 $81 941 1 $a3 961 $aLascito: Colombo Card. Giovanni 996 $6245$aLa Chiesa nella storia$9(OLS)http://semarc/title/13049 996 $6260$aPisa :$bPacini Editore$9(OLS)http://semarc/publisher/33824 LEADER 01079nam a2200253 i 4500 001 000000042149 003 CaOOAMICUS 005 20220728100744.0 008 090526s1912 it u000 u ita u 013 $a13319 040 $aSeMil$bita 100 1 $aHarnack, Adolf : von,$d<1851-1930>.$0(OLS)http://semarc/name/134 245 10$a2: Fondamenti /$cAdolfo Harnack. 264 3$aMendrisio :$bCultura moderna,$c1912. 300 $a381 p. ;$c20 cm 773 0 $aHarnack, Adolf : von <1851-1930>$tManuale di storia del dogma.$dMendrisio : Cultura moderna$g2$w()1225 830 0$aBiblioteca economica di scienze religiose ;$v5-6.$0(OLS)http://semarc/title/28210 850 $aSeMil 852 $aSeMil$W1$xVenegono$y1$m2A II 122$j8304$B8304$CSeMilBibl$Z2$F8304 $81 852 $aSeMil$W1$xVenegono$y1$m753 2 2 *$j76272$B76272$CSeMilBibl$Z2$F77742 $81 961 $aOmaggio: Patti mons. Francesco 996 $6245$a2: Fondamenti$9(OLS)http://semarc/title/440836 996 $6264$aMendrisio :$bCultura moderna$9(OLS)http://semarc/publisher/30189